000 00470nam a2200181Ia 4500
001 20020
005 20260306172735.0
008 260306t1970||||xx |||||||||||||| ||spa||
041 _aESP
082 _a342.21
_bN12
100 _aNaciones Unidas
_eAUT
245 0 _aCarta de las Naciones Unidas y estatuto de la Corte Internacional de Justicia
260 _c1970
300 _a82 páginas :
_c12 cm.
650 _aGEN
654 _aCDE
942 _cLIB
_dJUS
_fJUS
_2ddc
_n
999 _c20020
_d20020